Statistics for New Zealand Green Party Leaders - Picture Quiz

Click here to take the quiz!

General Stats

  • This quiz has been taken 8 times
  • The average score is 4 of 6

Answer Stats

Answer% Correct
James Shaw
86%
Marama Davidson
86%
Jeanette Fitzsimons
71%
Metiria Turei
57%
Rod Donald
57%
Russel Norman
57%

Score Distribution

Percentile by Number Answered

Percent of People with Each Score

Your Score History

You have not taken this quiz